000 00638nam a22002537a 4500
001 0142
003 DO-SdBNP
005 20180131152603.0
007 0142
008 151005b2007 sp 00| 0 spa d
040 _aBPMSU
_bspa
_cBPMSU
041 1 7 _aspa
_beng
092 _aXXXX
_bXXXX
100 1 _aWilde, Oscar
245 1 4 _aThe Canterville ghost
_bEl fantasma de Canterville
_cOscar Wilde
260 _aBarcelona :
_bPasa,
_c2007.
300 _a63 p. :
_c20 cm.
500 _aTextos bilingües
521 1 _aA partir de los 12 años
910 _a202
942 _2ddc
_cBK
945 _aInventariado, 2018 / BT
956 _aYngrid Lockward
999 _c8836
_d8836